Normal view MARC view
  • López Barrios, Mario Luis,

Entry Nombre Personal

Number of records used in: 1

001 - NUMERO DE CONTROL

  • campo de control: 58583

003 - IDENTIFICADOR DE NUMERO DE CONTROL

  • campo de control: DLC

005 - FECHA Y HORA DE LA ÜLTIMA TRANSACCIÓN

  • campo de control: 20260108154446.0

008 - DATOS DE LONGITUD FIJA

  • campo de control de longitud fija: 010601n| acannaaba || aaa c

010 ## - NÚMERO DE CONTROL DE LA BIBLIOTECA DEL CONGRESO

  • Número de control LC: no2001044018

035 ## - NUMERO DE CONTROL

  • Número de control: (OCoLC)oca05501410

040 ## - FUENTE DE CATALOGACIÓN

  • Agencia original de catalogación: NjP
  • Lenguaje de catalogación: spa
  • Agencia de transcripción: NjP
  • Agencia que lo modifica: MX-MxUPN

100 1# - ENCABEZAMIENTO - NOMBRE PERSONAL

  • Nombre personal: López Barrios, Mario Luis,
  • Fechas asociadas con el nombre: 1959-

670 ## - FUENTE EN LA QUE SE LOCALIZARON DATOS

  • Cita de la fuente: Die curriculare Grundlegung der Fertigkeit ... 1998:
  • Información localizada: t.p. (Mario Luis López Barrios) cover p. 4 (b. 1959 in Ramos Mejía, Argentina)

670 ## - FUENTE EN LA QUE SE LOCALIZARON DATOS

  • Cita de la fuente: Educación, lenguaje y sociedad, Vol. 19 Núm. 19 (2021) :
  • Información localizada: (Mario Luis López Barrios)

902 ## - CATALOGADOR

  • Catalogador: Víctor Ruiz/080126